| 000 | 00556nam a2200193 i 4500 | ||
|---|---|---|---|
| 001 | 47567 | ||
| 003 | ES-MaACL | ||
| 007 | t| | ||
| 008 | 030506s1916 sp ||||1| spa d | ||
| 080 | _a821.134.2-32"19" | ||
| 100 | 1 |
_aBaroja, Pío, _d1872-1956 _925752 |
|
| 245 | 1 | 3 |
_aLa dama de Urtubi _b: novela inédita / _cpor Pío Baroja. |
| 260 |
_aMadrid : _b[s.n.], _c1916. |
||
| 300 |
_a34 p. ; _c19 cm. |
||
| 490 | 1 |
_aLa novela corta ; _v24 |
|
| 830 | 0 |
_aLa novela corta ; _v24 _9182142 |
|
| 852 |
_aES-MaACL _jG-4947(24) _bR.132489 |
||
| 999 |
_c47567 _d47567 |
||